000 00603nam a2200193 i 4500
001 bg
100 1 _aTARKOWSKI, Krzysztof A.
245 0 _aLotnictwo polskie w wojnie z Rosją Sowiecką 1919-1920 /
_cKrzysztof A. Tarkowski.
260 _aWarszawa :
_bWydawnictwa Komunikacji i Łączności,
_c1991.
300 _a150, [2] s. :
_bfot., mapy, portr., rys. ;
_c21 cm.
504 _aBibliogr. s. 150-[151].
020 _a8320609852
040 _cBPK
041 _apol
080 _a943.8.081:358.4]"1919/1920"
920 _a83-206-0985-2
942 _cKS
008 s pl f |000 0 pol
999 _c29930
_d29930
856 _uhttp://koha.tu.koszalin.pl/cgi-bin/koha/opac-detail.pl?biblionumber=29930
_yKatalog online BPK